000
00237nam a2200097Ia 4500
001
1159419
005
20250827011320.0
008
250824s9999 xx 000 0 und d
245
0
_a
KİRAZ AĞACI
_c
PAOLA PERETTI
260
_b
TİMAŞ GENÇ
999
_c
1159419
_d
1159419